The works of W. Fenner, B. of Divinity.

Bibliographic Details
Main Author: Fenner, William, 1600-1640
Format: Microform Book
Language:English
Series:Early English books, 1641-1700 ; 563:1.
Subjects:

MARC

Tag First Indicator Second Indicator Subfields
LEADER 00000cam a2200000 a 4500
001 in00000940321
005 20150926132951.0
007 hd afv|||baca
008 850508s1657 miu a 00010 eng d
035 |a (OCoLC)12012549 
035 |9 AET9812AM 
037 |a CL0037000016  |b UMI 
037 |b University Microfilms International, 300 N. Zeeb Rd., Ann Arbor, MI 48106 
040 |a EAA  |c EAA  |d m/c  |d UMI  |d UtOrBLW 
049 |a TXAI 
099 |a film   |a  B   |a  3609 
100 1 |a Fenner, William,  |d 1600-1640. 
240 1 0 |a Works.  |f 1657 
245 1 4 |a The works of W. Fenner, B. of Divinity. 
264 3 |a [London] :  |b Printed by E. Tyler for I. Stafford ...,  |c 1657. 
300 |a 1358 unnumbered pages in various pagings 
336 |a text  |b txt  |2 rdacontent 
337 |a microform  |b h  |2 rdamedia 
338 |a microfilm reel  |b hd  |2 rdacarrier 
500 |a A made up edition. Several of the treatises herein have separate title pages and paginations; and the "Hidden manna", apparently taken from another edition, is separately paged 367-415; sig. Aaa-Ddd. Cf. BM. 
500 |a Reproduction of original in Huntington Library. 
510 4 |a Wing  |c F680 (The works) 
510 4 |a Wing  |c F705 (The spiritual man's directorie) 
510 4 |a Wing  |c F709 (A treatise of the affections) 
510 4 |a Wing  |c F110 (XXIX choice sermons) 
510 4 |a Wing  |c F715 (Wilfull impenitency) 
505 0 |a XXIX choice sermons. 1657 -- A treatise of the affections. 1657 --The soules looking-glasse. 1656 -- Christs alarm to drowsie saints. 1656 --Wilfull impenitency the grossest selfe-murder. 1656 -- The spirituall man's directory. 1656 -- Hidden manna. 1656 -- The riches of grace. 1656 -- The continuation of Christ's alarm to drousie saints, with : A treatise of effectual calling. The killing power of the law. The spirituall watch. The new-birth. Christians ingrafting into Christ. A treatise on the Sabbath. 1657. 
533 |a Microfilm.  |b Ann Arbor, Mich. :  |c University Microfilms,  |d 1975.  |e 1 microfilm reel ; 35 mm.  |f (Early English books, 1641-1700; 563:1) 
500 |a Microform. 
650 0 |a Sermons, English  |y 17th century. 
730 0 2 |a XXIX choice sermons. 
730 0 2 |a Twenty-nine choice sermons. 
730 0 2 |a Treatise of the affections. 
730 0 2 |a Soules looking-glasse. 
730 0 2 |a Christs alarm to drowsie saints. 
730 0 2 |a Wilfull impenitency the grossest selfe-murder. 
730 0 2 |a Spirituall man's directory. 
730 0 2 |a Hidden mana. 
730 0 2 |a Riches of grace. 
730 0 2 |a Continuation of Christ's alarm to drousie saints. 
830 0 |a Early English books, 1641-1700 ;  |v 563:1. 
999 |a MARS 
999 f f |s 66e4440b-0766-3cca-9035-b92909631004  |i ff0d5eba-cbbc-3c50-b30f-b90b21ef6ffa  |t 0 
952 f f |p default  |a Texas A&M University  |b College Station  |c Sterling C. Evans Library  |d Evans: Microforms (3rd floor)  |t 0  |e film B 3609 563:1  |h Other scheme  |i microform -- microfilm reel 
998 f f |a film B 3609 563:1  |t 0  |l Evans: Microforms (3rd floor)